<?xml version="1.0" encoding="UTF-8"?>
<record
    xmlns:xsi="http://www.w3.org/2001/XMLSchema-instance"
    xsi:schemaLocation="http://www.loc.gov/MARC21/slim http://www.loc.gov/standards/marcxml/schema/MARC21slim.xsd"
    xmlns="http://www.loc.gov/MARC21/slim">

  <leader>00981nam2a22002411  4500</leader>
  <controlfield tag="001">rc\635129</controlfield>
  <controlfield tag="005">20250612170309.0</controlfield>
  <datafield tag="035" ind1=" " ind2=" ">
    <subfield code="a">(NLR Aleph) 008741264</subfield>
  </datafield>
  <datafield tag="090" ind1=" " ind2=" ">
    <subfield code="a">9532838</subfield>
    <subfield code="c">9532838</subfield>
  </datafield>
  <datafield tag="100" ind1=" " ind2=" ">
    <subfield code="a">20031121d1986    |||y0rusy50      ca</subfield>
  </datafield>
  <datafield tag="101" ind1="1" ind2=" ">
    <subfield code="a">rus</subfield>
    <subfield code="c">eng</subfield>
  </datafield>
  <datafield tag="102" ind1=" " ind2=" ">
    <subfield code="a">RU</subfield>
  </datafield>
  <datafield tag="105" ind1=" " ind2=" ">
    <subfield code="a">y   |||||||||</subfield>
  </datafield>
  <datafield tag="200" ind1="0" ind2=" ">
    <subfield code="a">&#x422;. 2</subfield>
    <subfield code="f">[&#x41F;&#x435;&#x440;. &#x441; &#x430;&#x43D;&#x433;&#x43B;. &#x422;. &#x41A;&#x443;&#x434;&#x440;&#x44F;&#x432;&#x446;&#x435;&#x432;&#x43E;&#x439;]</subfield>
  </datafield>
  <datafield tag="210" ind1=" " ind2=" ">
    <subfield code="d">1986</subfield>
    <subfield code="a">&#x411;. &#x43C;.</subfield>
  </datafield>
  <datafield tag="215" ind1=" " ind2=" ">
    <subfield code="a">592 &#x441;.</subfield>
  </datafield>
  <datafield tag="461" ind1=" " ind2="0">
    <subfield code="1">001rc\635127</subfield>
    <subfield code="1">2000#$a&#x423;&#x43D;&#x435;&#x441;&#x435;&#x43D;&#x43D;&#x44B;&#x435; &#x432;&#x435;&#x442;&#x440;&#x43E;&#x43C;$f&#x41C;&#x430;&#x440;&#x433;&#x430;&#x440;&#x435;&#x442; &#x41C;&#x438;&#x442;&#x447;&#x435;&#x43B;&#x43B;$g[&#x41F;&#x435;&#x440;. &#x441; &#x430;&#x43D;&#x433;&#x43B;. &#x422;. &#x41E;&#x437;&#x435;&#x440;&#x441;&#x43A;&#x43E;&#x439;$g&#x412;&#x441;&#x442;&#x443;&#x43F;. &#x441;&#x442;. &#x41F;. &#x41F;&#x430;&#x43B;&#x438;&#x435;&#x432;&#x441;&#x43A;&#x43E;&#x433;&#x43E;]$v&#x422;. 2</subfield>
    <subfield code="1">700#1$a&#x41C;&#x438;&#x442;&#x447;&#x435;&#x43B;&#x43B;$b&#x41C;.$g&#x41C;&#x430;&#x440;&#x433;&#x430;&#x440;&#x435;&#x442;$f1900-1949</subfield>
    <subfield code="9">7853254</subfield>
    <subfield code="a">&#x41C;&#x438;&#x442;&#x447;&#x435;&#x43B;&#x43B;, &#x41C;. (1900-1949)</subfield>
    <subfield code="c">&#x41C;.</subfield>
    <subfield code="d">1986-</subfield>
    <subfield code="f">&#x41C;&#x430;&#x440;&#x433;&#x430;&#x440;&#x435;&#x442; &#x41C;&#x438;&#x442;&#x447;&#x435;&#x43B;&#x43B;</subfield>
    <subfield code="n">&#x41F;&#x440;&#x430;&#x432;&#x434;&#x430;</subfield>
    <subfield code="t">&#x423;&#x43D;&#x435;&#x441;&#x435;&#x43D;&#x43D;&#x44B;&#x435; &#x432;&#x435;&#x442;&#x440;&#x43E;&#x43C;</subfield>
    <subfield code="v">&#x422;. 2</subfield>
  </datafield>
  <datafield tag="801" ind1=" " ind2="0">
    <subfield code="a">RU</subfield>
    <subfield code="b">NLR</subfield>
    <subfield code="g">psbo</subfield>
  </datafield>
  <datafield tag="801" ind1=" " ind2="1">
    <subfield code="a">RU</subfield>
    <subfield code="b">ELAR</subfield>
    <subfield code="2">rusmarc</subfield>
  </datafield>
  <datafield tag="801" ind1=" " ind2="2">
    <subfield code="a">RU</subfield>
    <subfield code="b">NLR</subfield>
    <subfield code="c">20040323</subfield>
    <subfield code="2">rusmarc</subfield>
  </datafield>
  <datafield tag="852" ind1=" " ind2=" ">
    <subfield code="a">NLR</subfield>
    <subfield code="j">86-3/4172</subfield>
  </datafield>
  <datafield tag="942" ind1=" " ind2=" ">
    <subfield code="c">BOOK</subfield>
  </datafield>
  <datafield tag="980" ind1=" " ind2=" ">
    <subfield code="a">NB</subfield>
  </datafield>
  <datafield tag="995" ind1=" " ind2=" ">
    <subfield code="5">2013-10-26</subfield>
    <subfield code="b">NLR01</subfield>
    <subfield code="c">NLR01</subfield>
    <subfield code="e">RF9</subfield>
    <subfield code="f">8741264-10</subfield>
    <subfield code="k">86-3/4172</subfield>
    <subfield code="o">0</subfield>
    <subfield code="r">BOOK</subfield>
    <subfield code="s">8634172_</subfield>
  </datafield>
  <datafield tag="995" ind1=" " ind2=" ">
    <subfield code="5">2014-04-10</subfield>
    <subfield code="b">NLR01</subfield>
    <subfield code="c">NLR01</subfield>
    <subfield code="e">OZ2</subfield>
    <subfield code="f">1-461765</subfield>
    <subfield code="k">&#x41B;1 &#x428;6(7&#x421;&#x428;&#x410;)/&#x41C;-676</subfield>
    <subfield code="o">0</subfield>
    <subfield code="p">3.10</subfield>
    <subfield code="r">BOOK</subfield>
    <subfield code="s">1_67676</subfield>
  </datafield>
</record>
